000 00282nam a2200121Ia 4500
008 191201s2013 xx 000 0 und d
100 _aRAO,P N
245 0 _aComputer Aided Manufacturing
260 _aN. delhi
_bTMH
_c2013
300 _a417
650 _aB.Tech(ME)
942 _2ddc
_cBK
999 _c6028
_d6028